| 000 | 00498nam a2200169 4500 | ||
|---|---|---|---|
| 001 | 116695 | ||
| 003 | ES-MaACL | ||
| 005 | 20230906190742.0 | ||
| 007 | t| | ||
| 008 | 061121s1958 sp r ||||1| spa d | ||
| 100 | 1 |
_aOtto, Frei. _987951 |
|
| 245 | 1 | 0 |
_aCubiertas colgantes / _cFrei Otto ; versión española de Francisco Folguera. |
| 260 |
_aBarcelona : _bLabor, _c1958. |
||
| 300 |
_a170 p. : _bil. ; _c30 cm. |
||
| 700 | 1 |
_aFolguera, Francisco. _951464 |
|
| 852 |
_aES-MaACL _jC-15720 _bR.43117 |
||
| 999 |
_c116695 _d116695 |
||